Rosa Cagliari (2017/2018) - Statistics

Statistiche generali
  • Questo quiz è stato fatto 37 volte
  • Il punteggio medio è 9 su 23
Statistiche sulle risposte
NAZIONALITA' GIOCATORE % Corretto
Brasile Pedro/Joao Pedro
88%
Italia Pavoletti
78%
Italia Cragno
75%
Italia Barella
72%
Moldavia Ionita
72%
Italia Sau
66%
Brasile Farias
50%
Italia Ceppitelli
41%
Olanda Van der Wiel
41%
Italia Cigarini
38%
Italia Deiola
38%
Italia Pisacane
38%
Italia Cossu
34%
Belgio Miangue
34%
Brasile Rafael
28%
Italia Dessena
25%
Italia Giannetti
22%
Italia Faragò
16%
Italia Melchiorri
16%
Italia Andreolli
13%
Italia Capuano
13%
Italia Padoin
13%
Italia Romagna
9%
Nessun quiz corrispondente trovato
Distribuzione punteggi
Percentuale di utenti per punteggio
Percentile per numero di risposta
I tuoi punteggi nel tempo
Non hai fatto questo quiz